000 00431nam a2200169 a 4500
001 3187
005 20140414131853.0
008 060202s19uu xx 00 eng d
020 _a0-7166-9005-5
050 _aM 793.73
_bSh2 1997
245 _aShape shuffle.
260 _aChicago :
_bWorld Book,
_c1997.
300 _a32 p. ; cm.
440 _aWorld book's mind benders
650 _aPuzzle and puzzle games.
999 _c110308
_d110308